000 00369nam a2200145Ia 4500
008 230711s9999||||xx |||||||||||||| ||und||
041 _aENG
082 _a658
_bJA-S
100 _aJainti,Prasad
245 0 _aStrength of materials
250 _a2nd
260 _c1983
_aNew Delhi
_bCBS Publishers & Distributors Pvt.Ltd
650 _aMechanical Engineering
942 _cBK
999 _c7775
_d7775